GLOSSARY of Geology
Saved in:
| Format: | Book |
|---|---|
| Language: | English |
| Published: |
American Geosciences Institute,
2011.
|
| Tags: |
Add Tag
No Tags, Be the first to tag this record!
|
MARC
| LEADER | 00000nam a22000007a 4500 | ||
|---|---|---|---|
| 008 | 210126b ||||| |||| 00| 0 eng d | ||
| 020 | |a 978-0-922152-89-6 | ||
| 245 | |a GLOSSARY of Geology | ||
| 250 | |b 5th ed.- |c Klaus K.E. Neuendorf James P. Mehl, Julice A. Jackson | ||
| 260 | |b American Geosciences Institute, |c 2011. |h Alexandrice, Virgina |i 687416 |l QE5 .G51 | ||
| 942 | |a lcc |c BK |e j o ifatola |f 26/1/2021 | ||
| 952 | |0 0 |1 0 |2 lcc |4 0 |6 QE0005 G51 |7 0 |9 1810 |a HOL |b HOL |c QZ |d 2021-01-26 |l 0 |o QE5 .G51 |p 2021-5683 |r 2021-01-26 00:00:00 |w 2021-01-26 |y BK | ||
| 952 | |0 0 |1 0 |2 lcc |4 0 |6 QE0005 G51 |7 0 |9 1811 |a HOL |b HOL |c QZ |d 2021-01-26 |l 0 |o QE5 .G51 |p 2021-5684 |r 2021-01-26 00:00:00 |w 2021-01-26 |y BK | ||
| 999 | |c 952 |d 952 | ||